000 00279nam a22001217a 4500
003 OSt
008 150215b xxu||||| |||| 00| 0 eng d
100 1 _aSanford, Eva Matthews
041 _aeng
245 1 0 _aThe Mediterranean World in Ancient Time
260 _b1938
300 _a0 pages
999 _c828
_d828